| 000 | 01103nam a2200337 i 4500 | ||
|---|---|---|---|
| 003 | EG-GICUC | ||
| 005 | 20260509030825.0 | ||
| 008 | 260509s1972 fr ||||fr|||| 00| 0 fre d | ||
| 040 |
_aEG-GiCUC _bfre _cEG-GiCUC _dEG-GiCUC _eRda |
||
| 041 | _afre | ||
| 082 | 0 | 4 |
_221 _a345.8 _bGA.M |
| 092 | 0 | 4 | _221 |
| 099 | _aLaw1 07 GA.M 345.8 1972 | ||
| 100 | 1 |
_aGaudemet , Yves _eAuteur |
|
| 245 |
_aLes Méthodes Du Juge Administratif / _cYves Gaudemet . |
||
| 264 |
_aParis : _bLIBRAIRIE GÉNÉRALE DE DROIT ET DE JURISPRUDENCE , _c1972 . |
||
| 300 |
_a321 page ; _c 24 cm. |
||
| 336 |
_2rda contenu _a texte |
||
| 337 |
_2rda medias _aOrdinateur |
||
| 338 |
_2 transporteur rda _a Ressource en ligne |
||
| 490 | _aBIBLIOTHÈQUE DE DROIT PUBLIC | ||
| 546 | _aTexte en français | ||
| 650 | 1 | _aDroit administratif | |
| 650 | 1 | _aLe pouvoir judiciaire administratif et ses fonctions | |
| 651 | 1 | _2qrmak | |
| 700 | 1 |
_aGEORGES VEDEL _ePréfacier |
|
| 700 | 1 |
_aMARCEL WALINE _eContributeur |
|
| 856 | 4 | 0 | _uhttps://fll.law.cu.edu.eg/fulltext/bks/B07-06397.pdf |
| 905 | _a60 | ||
| 942 |
_2ddc _cBK _e21 _n0 |
||
| 999 |
_c76342 _d76342 |
||